000 00738nas a2200253 4500
001 BR9208824
003 BR-BrBNA
005 20231205093154.0
007 ta
008 230509b bl.|||p| |||| 00| 00por d
040 _aBR-BrBNA
_bpor
_cBiblioteca Nacional de Agricultura
041 _a(Pt)
072 _aQ02
100 1 _aRibas, R.
245 1 _aUm brinde ao natal: empresas querem estimular o consumidor de bebidas finas
650 _aTECNOLOGIA DE ALIMENTO
650 _aBEBIDA ALCOOLICA
650 _aVINHO
650 _aUISQUE
650 _aCONSUMO
773 0 _tAlimentos e Tecnologia (Brazil)
_xISSN 0102-6682
_g(1988), v. 3(21) p. 12-17
_wBR9208824
909 _a202311
_bLúcia
_c55
_dLúcia Elande
942 _2AGRIS
_n0
_cANA
999 _c136618
_d136618